Guess the name of the green character - Statistics

General Stats
  • This quiz has been taken 7 times
  • The average score is 9 of 16
Answer Stats
Picture Answer % Correct
Grinch
100%
Hulk
100%
Mike
100%
Shrek
100%
Green lantern
71%
Draco
57%
Joker
57%
Loki
57%
Pascal
57%
Ben
43%
Gamora
29%
Mantis
29%
Zoro
29%
Penelope
14%
Tefiti
14%
Elpheba
0%
No matching quizzes found
Score Distribution
Percent of People with Each Score
Percentile by Number Answered
Your Score History
You have not taken this quiz